Eltérő genotípusú tejhasznosítású tehenek tejtermelésének összehasonlító vizsgálata
Elmentve itt :
| Szerző: | |
|---|---|
| További közreműködők: | |
| Dokumentumtípus: | Szakdolgozat |
| Megjelent: |
1986
|
| Kulcsszavak: | Tejtermelés Laktáció |
| Tárgyszavak: | |
| Online Access: | http://diploma.bibl.u-szeged.hu/99126 |
| LEADER | 00775nta a2200229 i 4500 | ||
|---|---|---|---|
| 001 | dipl99126 | ||
| 005 | 20220210135850.0 | ||
| 008 | 220210s1986 hu om 0|| hun d | ||
| 040 | |a SZTE Diploma Repozitórium |b hun | ||
| 041 | |a hun | ||
| 100 | 1 | |a Bencsik József | |
| 245 | 1 | 0 | |a Eltérő genotípusú tejhasznosítású tehenek tejtermelésének összehasonlító vizsgálata |h [elektronikus dokumentum] / |c József Bencsik |
| 260 | |c 1986 | ||
| 300 | |a 42 | ||
| 650 | 4 | |a Agrár | |
| 650 | 4 | |a Agricultural sciences | |
| 650 | 4 | |a Animal and Dairy science | |
| 650 | 4 | |a Animal and dairy science | |
| 695 | |a Tejtermelés | ||
| 695 | |a Laktáció | ||
| 700 | 1 | |a Kiss Ernőné |e ths | |
| 856 | 4 | 0 | |u http://diploma.bibl.u-szeged.hu/id/eprint/99126/1/1986_bencsik_jozsef.pdf |z Dokumentum-elérés |